La province d'Auvergne de A à Z - Statistiques

Statistiques générales
  • Ce quiz a été pris 18 fois
  • Le résultat moyen est 5 sur 26
Statistiques - réponses
Lettre Question Réponse % Correct
C Siège de l'évêché d'Auvergne Clermont
87%
I Ville dont les Français s'emparent en 1199 évangélisée par St Austremoine Issoire
67%
A Duché dont dépendait l'Auvergne au Moyen-âge Aquitaine
60%
U Pape qui prêche la 1ère croisade à Clermont Urbain II
60%
F Production auvergnate déjà décrite dans l'antiquité Fromage
47%
P Roi de France qui devient le suzerain des comtes d'Auvergne en 1189 Philippe II | Philippe Auguste
47%
R La Terre d'Auvergne à partir du début du XIIIe siècle a pour capitale Riom
47%
M Au XIe siècle les comtes d'Auvergne ont pour capitale Montferrand
27%
D Etienne II, évêque d'Auvergne encourage l'application au Xe siècle de la Paix de Dieu
20%
N Compagnon de St Austremoine qui a évangélisé l'Auvergne aux IIIe et IVe siècle Nectaire
20%
O S'y trouve une église de pèlerinage bâtie dans une vallée entre Monts Dore et Monts Dôme Orcival
20%
Y Réalisateur du film Les Copains tourné en Auvergne en 1965 (prénom et nom) Yves Robert
13%
K Réalisateur du film La double vie de Véronique tourné en Auvergne en 1991 (prénom et nom) Krzysztof Kieslowski
7%
V Le comté d'Auvergne à partir du début du XIIIe siècle a pour capitale Vic-le-Comte
7%
Z Réalisateur d'un film tourné en 1997 en Auvergne au titre commençant par X Ariel Zeitoun
0%
B 1er comte de la période carolingienne Berthmond
0%
E Aristocrate arverne favorable aux Romains qui dirige l'Auvergne après la conquête Epadnactus | Espasnactos
0%
G Près de Vichy, sur la commune de Ferrières-sur-Sichon, on peut voir le Champ des morts dans le hameau de Glozel
0%
H 1er comte de la période mérovingienne Hortensius
0%
J Empereur de 474 à 475 qui vend l'Auvergne aux Wisigoths Julius Nepos
0%
L Famille qui dirige l'Auvergne à partir de 1437 La Tour d'Auvergne
0%
Q Piton balsatique du massif du Meygal. Neck de Queyrières
0%
S Historien et géographe grec qui évoque un royaume arverne au IIe siècle avant J.C. Strabon
0%
T Surnom de Guillaume IV d'Auvergne (3 mots) Tête d'étoupe
0%
W Duc d'Aquitaine qui s'oppose à Pépin le Bref au cours de combats qui ravagent l'Auvergne Waïfre
0%
X Film tourné en Auvergne en 1997 avec Gérard Depardieu XXL
0%
Aucun quiz correspondant
Distribution des résultats
% des personnes avec chaque résultat
Percentile par nombre de réponses
Votre historique - résultats
Vous n’avez pas pris ce quiz